LEADER 01506nas 2200505- 450 001 9910481970703321 005 20260203110111.0 011 $a2199-2428 035 $a(DE-599)ZDB2812797-3 035 $a(OCoLC)908634530 035 $a(CKB)3710000000404405 035 $a(CONSER)--2015243212 035 $a(DE-599)2812797-3 035 $a(EXLCZ)993710000000404405 100 $a20150206a20159999 --- - 101 0 $aeng 181 $ctxt$2rdacontent 182 $cc$2rdamedia 183 $acr$2rdacarrier 200 00$aCurrent pulmonology reports 210 1$a[New York] :$cSpringer,$d[2015]- 215 $a1 online resource 300 $aRefereed/Peer-reviewed 531 10$aCurr Pulmonol Rep 606 $aLungs$xDiseases$vPeriodicals 606 $aLung Diseases 606 $aLungs$xDiseases$2fast$3(OCoLC)fst01003777 606 $aInfeccions respiratòries$2thub 606 $aMalalties del pulmó$2thub 606 $aMalalties de l'aparell respiratori$2thub 606 $aPneumologia$2thub 608 $aPeriodical. 608 $aPeriodicals.$2fast 608 $aRevistes electròniques.$2thub 615 0$aLungs$xDiseases 615 12$aLung Diseases. 615 7$aLungs$xDiseases. 615 7$aInfeccions respiratòries. 615 7$aMalalties del pulmó. 615 7$aMalalties de l'aparell respiratori. 615 7$aPneumologia. 906 $aJOURNAL 912 $a9910481970703321 996 $aCurrent pulmonology reports$92440697 997 $aUNINA